The black book
Novela que es narrada por dos narradores principales: Lawrence Lucifer y Herbert Gregory, quienes se vinculan en cierto grado gracias al diario de Gregory. Es una novela con lenguaje obsceno y oscuro que guía la narración erótica. Dicha novela está en inglés
محفوظ في:
| المؤلف الرئيسي: | |
|---|---|
| التنسيق: | كتاب |
| اللغة: | Undetermined |
| منشور في: |
New York, Estados Unidos
Pocket Books
1962
|
| الموضوعات: | |
| الوسوم: |
إضافة وسم
لا توجد وسوم, كن أول من يضع وسما على هذه التسجيلة!
|
MARC
| LEADER | 00000nam a2200000Ia 4500 | ||
|---|---|---|---|
| 008 | 170316s9999 xx 000 0 und d | ||
| 040 | |a cru BVZT | ||
| 090 | |a 820 D-13bl | ||
| 100 | |a Durrell, Lawrence | ||
| 245 | 4 | |a The black book | |
| 260 | |a New York, Estados Unidos | ||
| 260 | |b Pocket Books | ||
| 260 | |c 1962 | ||
| 300 | |a 223 páginas | ||
| 520 | |a Novela que es narrada por dos narradores principales: Lawrence Lucifer y Herbert Gregory, quienes se vinculan en cierto grado gracias al diario de Gregory. Es una novela con lenguaje obsceno y oscuro que guía la narración erótica. Dicha novela está en inglés | ||
| 650 | |a LITERATURA INGLESA |9 12 | ||
| 999 | |c 6831 |d 6831 | ||
| 942 | |c 15 D |h 820 D-13bl |2 z | ||
